000 00393nam a2200145Ia 4500
008 220217s9999||||xx |||||||||||||| ||und||
020 _a0-03-615709-9
082 _a540 WHI
100 _aWhitten, Kenneth, W Hegdes, Richard, M
_93114
245 0 _aGeneral chemistry
250 _a5th
260 _aSaunders college publishing
_bNew York
_c1996
300 _b750
650 _aCHEMISTRY
999 _c170847
_d170847